All One Direction + solo and unreleased songs (October 2024) - Statistics

General Stats
  • This quiz has been taken 517 times
    386 since last reset
  • The average score is 182 of 453
Answer Stats
Song names % Correct
You (feat. Juicy J and Wiz Khalifa)
99%
Up All Night
90%
What Makes You Beautiful
90%
Midnight (feat. Alesso)
88%
Midnight Memories
87%
Fine Line
86%
Night Changes
86%
I Want
84%
Little Things
84%
She
84%
Steal My Girl
84%
Who
84%
Sign Of The Times
83%
A.M.
82%
Best Song Ever
82%
Watermelon Sugar
82%
History
81%
Kiss You
81%
Walls
81%
18
80%
As It Was
80%
Change
80%
Diana
80%
Olivia
80%
Angel (Jimi Hendrix cover)
79%
Drag Me Down
79%
Live While We're Young
79%
Matilda
79%
Story Of My Life
79%
I Would
78%
Kiwi
78%
Perfect
77%
Strip That Down (feat. Quavo)
77%
Adore You
76%
Falling
76%
Gotta Be You
76%
Heartbreak Weather
76%
Hey Angel
76%
This Town
76%
Act My Age
74%
Flicker
74%
I Wish
74%
One Thing
74%
Stockholm Syndrome
74%
You & I
74%
For You (feat. Rita Ora)
73%
Little Black Dress
73%
Na Na Na
73%
No Control
73%
Pillowtalk
73%
Taken
73%
The Show
73%
Two Ghosts
73%
Where Do Broken Hearts Go
73%
Carolina
72%
Change Your Ticket
72%
Fireproof
72%
Still
72%
Wolves
72%
Fool's Gold
71%
Juice (Lizzo cover)
71%
Love You Goodbye
71%
Rock Me
71%
Alive
70%
Better
70%
Home
70%
Little Freak
70%
Little White Lies
70%
Moments
70%
One Way Or Another (Teenage Kicks)
70%
Slow
70%
Slow Hands
70%
Cherry
69%
If I Could Fly
69%
I Want To Write You A Song
69%
Clouds
68%
Over Again
68%
Girl Almighty
67%
Golden
67%
Music For A Sushi Restaurant
67%
Spaces
67%
Strong
67%
Summer Love
67%
Better Than Words
66%
From The Dining Table
66%
More Than This
66%
Nice To Meet Ya
66%
Right Now
66%
Treat People With Kindness
66%
Two Of Us
66%
Don't Forget Where You Belong
65%
Infinity
65%
Sweet Creature
65%
Walking In The Wind
65%
Half a Heart
64%
Lover (feat. FLETCHER, Taylor Swift cover)
64%
Ready To Run
64%
Back for You
63%
Cinema
63%
Grapejuice
63%
Intermission: Flower
63%
Late Night Talking
63%
Love Of My Life
63%
Only Angel
63%
Satellite
63%
Temporary Fix
63%
Woman
63%
Black And White
62%
Everything About You
62%
Keep Driving
62%
Last First Kiss
62%
Live Forever (feat. Cheat Codes)
62%
Meet Me In The Hallway
62%
Still The One
62%
Stole My Heart
62%
Another World
61%
Boyfriends
61%
C'mon, C'mon
61%
End Of The Day
61%
Heart Attack
61%
Medicine
61%
Never Enough
61%
Tell Me a Lie
61%
They Don't Know About Us
61%
Why Don't We Go There
61%
Happily
60%
Illusion
60%
Irresistible
60%
Long Way Down
60%
Same Mistakes
60%
Canyon Moon
59%
Change My Mind
59%
Daylight
59%
Does He Know?
59%
Ever Since New York
59%
Torn (Natalie Imbruglia cover)
59%
Back To You (feat. Bebe Rexha)
58%
Heaven
58%
Loved You First
58%
Magic
58%
Save You Tonight
58%
Through The Dark
58%
Truly Madly Deeply
58%
What A Feeling
58%
She's Not Afraid
57%
I Should Have Kissed You
56%
Lights Up
56%
Mirrors
56%
Once In A Lifetime
56%
Daydreaming
55%
Put A Little Love On Me
55%
Small Talk
55%
Stand Up
55%
Sunflower, Vol. 6
54%
Teenage Dirtbag (Wheatus cover)
54%
You Could Start A Cult
54%
Forever Young (Alphaville cover)
53%
I Don't Wanna Live Forever (feat. Taylor Swift)
53%
San Francisco
53%
Anna
52%
Miss You
52%
Nobody Compares
52%
Only The Brave
52%
Science
52%
To Be So Lonely
52%
Must Be Love
51%
Paper Houses
51%
Written All Over Your Face
51%
Chicago
50%
Dusk Till Dawn (feat. Sia)
50%
Fearless
50%
Something Great
50%
Always You
49%
Defenceless
49%
Habit
49%
Meltdown
49%
Never Grow Up
49%
New Angel
49%
Silver Tongues
49%
No Judgement
48%
Saturdays
48%
Seeing Blind
48%
Teardrops
48%
Bedroom Floor
47%
Don't Let It Break Your Heart
47%
Where We Are
47%
Bigger Than Me
46%
Fool For You
46%
Just Hold On (feat. Steve Aoki)
46%
On A Night Like Tonight
46%
The Tide
46%
Angels Fly
45%
Kill My Mind
45%
Moral Of The Story (feat. Ashe)
45%
The Greatest
45%
Too Young
45%
Dress
44%
She Is Beauty We Are World Class
44%
Too Much (feat. Timbaland)
44%
We Made It
44%
All I Want (For Christmas)
43%
Bend The Rules
43%
Common
43%
Girl Crush (Little Big Town cover)
43%
Arms Of A Stranger
42%
Everywhere
42%
Everywhere (feat. Anne Marie, Fleetwood Mac cover)
42%
Him
42%
Holding On To Heartache
42%
Mind Of Mindd
42%
On The Loose
42%
Polaroid (feat. Jonas Blue and Lennon Stella)
42%
Stack It Up (feat. A Boogie Wit Da Hoodie)
42%
Too Much To Ask
42%
Fire Away
41%
Good Years
41%
Icarus Interlude
41%
Perfect Now
41%
Save My Life
41%
All This Time
40%
Calamity
40%
Familiar (feat. J Balvin)
40%
If You Leave Me
40%
On My Own
40%
Remember
40%
Sweat
40%
Tio
40%
Viva La Vida (Coldplay cover)
40%
Common People
39%
Face The Music
39%
Just Like You
39%
Our Song (feat. Anne Marie)
39%
Out Of My System
39%
High In California
38%
Dear Patience
37%
Headline
37%
Stardust
37%
Lucky Again
36%
Nothing
36%
What A Time (feat. Julia Michaels)
36%
You And Me
36%
Alienated
35%
It's You
35%
That's The Way Love Goes
35%
There You Are
35%
First Time (feat. French Montana)
33%
Get Low (feat. Zedd)
33%
Naughty List (feat. Dixie D'Amelio)
33%
Cross Your Mind
32%
Drunk
32%
Like I Would
32%
Vibez
32%
Windowsill (feat. Devlin)
32%
A Whole New World (feat. Zhavia Ward)
31%
Hips Don't Lie
31%
Let Me
31%
Since We're Alone
31%
Unf*ckwitable
31%
Both Ways
30%
Just A Little Bit Of Your Heart
30%
Trampoline (feat. SHAED)
30%
7 (Catfish And The Bottlemen cover)
29%
Borderz
29%
Heart Meet Break
29%
Just Can't Let Her Go
29%
Pick Your Poison
29%
505 (Arctic Monkeys cover)
28%
Depend On It
28%
Rainberry
28%
Rear View
28%
Something In The Orange (Zach Bryan cover)
28%
Tell Your Friends
28%
What I Am
28%
Befour
27%
FourFiveSeconds (Paul McCartney, Kanye West and Rihanna cover)
27%
Grateful
27%
Sunshine
27%
The Chain (Fleetwood Mac cover)
27%
Tightrope
27%
Copy Of A Copy Of A Copy
26%
Dreamin
26%
Finally Free
26%
Fuchsia Sea
26%
My Woman
26%
Outside
26%
River Road
26%
Rude Hours
26%
Sour Diesel
26%
Weekend
26%
Back To Life
24%
Blue
24%
Champagne Lovers
24%
Connexion
24%
Entertainer
24%
Fingers
24%
Hunger
24%
Wrong (feat. Kehlani)
24%
Already Home
23%
Don't Let Me Go
23%
Natural
23%
No Candle No Light (feat Nicki Minaj)
23%
When Love's Around (feat. Syd)
23%
Baby Honey
22%
Lucozade
22%
Saved By A Stranger
22%
She Don't Love Me
22%
Still Got Time (feat. PartyNextDoor)
22%
All Along
21%
Flight Of The Stars
21%
Good Guy
21%
Say It All
21%
Truth
21%
Birds On A Cloud
20%
Bright
20%
Circles (Post Malone cover)
20%
Home With You
20%
Insomnia
20%
Scripted
20%
Tonight
20%
Total Eclipse Of The Heart (Bonnie Tyler cover)
20%
All That
19%
Gates Of Hell
19%
Grenade (Bruno Mars cover)
19%
I Don't Mind
19%
If I Got You
19%
Love Like This
19%
Satisfaction
19%
The Time
19%
False Starts
18%
Fresh Air
18%
Hopelessly Devoted To You (Olivia Newton-John cover)
18%
Imprint
18%
Kids In America (Kim Wilde cover)
18%
Stand Still
18%
Talk To Me
18%
We Are
18%
You Wish You Knew
18%
Only Girl (Rihanna cover)
17%
Something In The Water
17%
Wasted
17%
Complicated Freak
16%
Half The World Away
16%
Hey There Delilah (Plain White T's cover)
16%
I Gotta Feeling (Black Eyed Peas cover)
16%
Mr Brightside (The Killers cover)
16%
Concrete Kisses
15%
Help
15%
I'm Yours (Jason Mraz cover)
15%
Shoot At Will
15%
Trouble
15%
You're Still The One (Shania Twain cover)
15%
Chasing Cars (Snow Patrol cover)
14%
Everybody Wants To Rule The World (Tears For Fears cover)
14%
Flames (feat. R3HAB and Jungleboi)
14%
In The Bag
14%
She Got Away
14%
So Long
14%
Summer of '69 (Bryan Adams cover)
14%
Wonderful Christmastime (Paul McCartney cover)
14%
All You Need Is Love (The Beatles cover)
13%
Beautiful War (Kings Of Leon cover)
13%
Big Yellow Taxi (Joni Mitchell cover)
13%
How It Feels
13%
Let It Snow, Let It Snow, Let It Snow
13%
Lied To
13%
Look After You (The Fray cover)
13%
Nobody Knows (Pink cover)
13%
To Begin Again (feat. Ingrid Michaelson)
13%
Use Somebody (Kings Of Leon cover)
13%
Without You
13%
Ceilings (Lizzy McAlpine cover)
12%
Cruel (feat. SNAKEHIPS)
12%
Gave
12%
Hey Soul Sister (Train cover)
12%
Isn't She Lovely (Stevie Wonder cover)
12%
Landslide (feat. Stevie Nicks)
12%
Lay Down
12%
Man! I Feel Like A Woman! (Shania Twain cover)
12%
Paradise
12%
The Way I Do
12%
What About Us (Pink cover)
12%
Wild Thoughts (Dj Khaled and Rihanna cover)
12%
Do Something Good
11%
Ignorance Ain't Bliss
11%
It's A Holiday
11%
47 11
10%
Cry Me A River (Michael Bublé cover)
10%
My Life Would Suck Without You (Kelly Clarkson cover)
10%
Rumors (feat. Sabrina Claudio)
10%
Stop Draggin' My Heart Around (feat. Stevie Nicks)
10%
Ultralight Beam (Kanye West cover)
10%
Valerie (Amy Winehouse cover)
10%
Your Song (Elton John cover)
10%
Issues (Julia Michaels cover)
9%
Shape Of You (Ed Sheeran cover)
9%
Sledgehammer (Peter Gabriel cover)
9%
Wonderwall (Oasis cover)
9%
Youngblood (5SOS cover)
9%
Attention (Charlie Puth cover)
8%
Waiting On God
8%
Dancing In The Dark (Bruce Springsteen cover)
7%
Dancing In The Moonlight (Thin Lizzy cover)
7%
Everything I Wanted (Billie Eilish cover)
7%
Grimez
7%
Something About The Way You Look Tonight (Elton John cover)
7%
So Sick (Ne-Yo cover)
7%
Teenage Dream (feat. Lewis Capaldi, Katy Perry cover)
7%
The Middle (Zedd, Maren Morris and Grey cover)
7%
Vossi Bop (feat. Stormzy)
7%
Back To Sleep (feat. Chris Brown and Usher)
6%
Believe Me
6%
Fly Me To The Moon (Frank Sinatra cover)
6%
Hide Away
6%
Leather and Lace (feat. Stevie Nicks)
6%
Let Me Love You (Mario cover)
6%
She's The One (Robbie Williams cover)
6%
With Or Without You (U2 cover)
6%
Before It Ends
5%
Don't Matter (feat. August Alsina)
5%
How Do You Sleep (Sam Smith cover)
5%
Hurt
5%
I Still Haven't Found What I'm Looking For (feat. Lewis Capaldi, U2 cover)
5%
I Won't Mind
5%
Leave Before You Love Me (Jonas Brothers and Marshmello cover)
5%
Me, Myself And I (Beyoncé cover)
5%
New York State Of Mind (Billy Joel cover)
5%
No Type (Rae Sremmurd cover)
5%
Bed Peace (Jhené Aiko cover)
4%
Can't Help Falling In Love (Elvis Presley cover)
4%
Coming Over (feat. Charlie Puth and Timbaland)
4%
Crying In The Club (Camila Cabello cover)
4%
Freedun (feat. M.I.A.)
4%
Hurting Me
4%
Kind Of Beautiful
4%
Promises (Sam Smith and Calvin Harris cover)
4%
Scared To Be Lonely (Dua Lipa and Martin Garrix cover)
4%
So Close (feat. Kehlani)
4%
With You
4%
You Can't Hide (feat. Teddy Pendergrass and Grandmaster Flash)
4%
Allah Duhai Hai (Salman Khan cover)
3%
Cigarettes
3%
Different Kind Of Love
3%
Down
3%
I'm Sorry We Lied (feat. Selena Gomez)
3%
I Won't Back Down (Tom Petty cover)
3%
Life In The Fast Lane (Eagles cover)
3%
Nobody Else
3%
Yellow Metal - Cathartic
3%
You Are Not Alone (Michael Jackson cover)
3%
No matching quizzes found
Score Distribution
Percent of People with Each Score
Percentile by Number Answered
Your Score History
You have not taken this quiz since the last reset